Random German words - Statistics

General Stats
  • This quiz has been taken 441 times
  • The average score is 11 of 15
Answer Stats
German English % Correct
Machen Make/ Have/ Do
99%
Hund Dog
98%
Frau Woman
95%
Warum Why
88%
Schwartz Black
86%
Wie How
82%
Vierzehn Fourteen
79%
Flugzeug Airplane
77%
Mochte Would like to
72%
Nett Nice
69%
Handy Phone
68%
Wandern Hike/ Walk
60%
Ungarn Hungary
45%
Abfahrt Departure
28%
Sakko Suit jacket
12%
No matching quizzes found
Score Distribution
Percent of People with Each Score
Percentile by Number Answered
Your Score History
You have not taken this quiz